Pays ayant gagné une médaille d'Or aux JO de Football - Statistiques

Statistiques générales
  • Ce quiz a été pris 150 fois
  • Le résultat moyen est 15 sur 22
Statistiques - réponses
Or Argent Bronze Pays % Correct
1 1 0 France
98%
2 5 2 Brésil
94%
1 3 0 Espagne
94%
1 1 5 Allemagne/ Allemagne de l'Ouest
93%
4 2 2 États-Unis
93%
2 2 0 Argentine
89%
3 0 0 Grande-Bretagne
89%
1 0 2 Italie
85%
2 0 2 Canada
80%
1 0 1 Mexique
77%
1 0 1 Belgique
74%
2 0 0 Uruguay
73%
1 2 2 Suède
69%
2 0 3 Union soviétique
67%
1 2 0 Pologne
57%
1 0 2 Norvège
56%
1 3 1 Yougoslavie
47%
3 1 1 Hongrie
46%
1 1 1 Nigeria
46%
1 0 0 Cameroun
41%
1 1 0 Tchécoslovaquie
38%
1 1 1 Allemagne de l'Est
26%
Aucun quiz correspondant
Distribution des résultats
% des personnes avec chaque résultat
Percentile par nombre de réponses
Votre historique - résultats
Vous n’avez pas pris ce quiz